Aggregate Research Industries (Record no. 120062)

MARC details
000 -LEADER
fixed length control field 00720cam a2200157 4500
001 - CONTROL NUMBER
control field WS118636
008 - FIXED-LENGTH DATA ELEMENTS--GENERAL INFORMATION
fixed length control field 020702n 000 0 eng u
035 ## - SYSTEM CONTROL NUMBER
System control number (Sirsi) u118636
245 ## - TITLE STATEMENT
Title Aggregate Research Industries
520 ## - SUMMARY, ETC.
Summary, etc. Web site for this grouping of the worlds foremast experts in aggregate production which provides a focus for new technologies to apply commercially orientated research for aggregate businesses. Includes worksheets for concrete mix design and a selection of free resources.
650 ## - SUBJECT ADDED ENTRY--TOPICAL TERM
Topical term or geographic name entry element AGGREGATES
650 ## - SUBJECT ADDED ENTRY--TOPICAL TERM
Topical term or geographic name entry element INTERNATIONAL
690 ## - LOCAL SUBJECT ADDED ENTRY--TOPICAL TERM (OCLC, RLIN)
Topical term or geographic name as entry element MINING AND MINERALS
856 40 - ELECTRONIC LOCATION AND ACCESS
Uniform Resource Identifier <a href="https://www.aggregateresearch.com">https://www.aggregateresearch.com</a>
Public note View the website free of charge at www.aggregateresearch.com...
942 ## - ADDED ENTRY ELEMENTS (KOHA)
Suppress in OPAC 0
Holdings
Withdrawn status Lost status Source of classification or shelving scheme Damaged status Not for loan Home library Current library Shelving location Date acquired Total Checkouts Full call number Barcode Date last seen Copy number Price effective from Koha item type
    Dewey Decimal Classification     Virtual Virtual Online 02/07/2002   WEB SITE 118636-2001 06/08/2019 1 06/08/2019 Online material